i love you - Billie Eilish - Statistics

General Stats
  • This quiz has been taken 79 times
  • The average score is 167 of 188
Answer Stats
Hint Answer % Correct
I
100%
to
100%
you
100%
a
98%
it
98%
me
98%
not
98%
do
96%
Verse 1 It's
96%
love
96%
nothing
96%
tell
96%
the
96%
Bridge The
96%
we
96%
Outro We
96%
been
94%
cry
94%
did
94%
i've
94%
lie
94%
lied
94%
like
94%
true
94%
and
92%
don't
92%
make
92%
say
92%
when
92%
didn't
90%
in
90%
mean
90%
never
90%
right
90%
see
90%
take
90%
through
90%
try
90%
want
90%
back
88%
hell
88%
isn't
88%
Chorus Maybe
88%
maybe
88%
someone
88%
type
88%
were
88%
what
88%
crying
86%
laugh
86%
let
86%
all
84%
night
84%
central
82%
park
82%
red
82%
but
80%
dying
80%
good
80%
just
80%
today
80%
Verse 2 Up
80%
another
78%
can't
78%
change
78%
even
78%
eye
78%
fly
78%
gave
78%
has
78%
learned
78%
on
78%
smile
78%
that
78%
way
78%
as
76%
could
76%
felt
76%
or
76%
ourselves
76%
should
76%
your
76%
apart
74%
dark
74%
fall
74%
i'm
74%
won't
74%
arms
72%
escape
72%
gets
72%
there's
72%
wish
72%
tryna
68%
ooh
60%
No matching quizzes found
Score Distribution
Percent of People with Each Score
Percentile by Number Answered
Your Score History
You have not taken this quiz